000 00365nam a2200133Ia 4500
008 151001s9999||||xx |||||||||||||| ||und||
100 _aप्रतिभा साठम
245 _aहिरवा खण
250 _a3
260 _b"निखील प्रकाशन, कोल्हापूर"
260 _c2011
300 _a176
365 _b21
999 _c999854
_d999851